000
00292nam a2200121 a 4500
001
4144
005
20140414131907.0
008
090317s19uu xx 00 eng d
050
_a
FIC
_b
B93 1987
100
_a
Burnett, Frances Hodgson Burnett
245
_a
The Secret garden.
999
_c
110981
_d
110981